000 00692cai a22001935a 4500
001 L158287
008 141124u xxk g 000 0 eng d
035 _a(Sirsi) u158287
041 0 _aeng
110 2 _aErnst & Young
_94001
245 0 0 _aEY Emerging Markets Centre
_h[electronic resource]
520 _aGateway portal to market insight and trends in emerging markets. There is a facility to search for information by country and sector.
590 _aKA
690 _aInvestments
_96250
690 _aCommercial property
_96227
690 _aFinance and taxation
856 4 0 _uhttps://emergingmarkets.ey.com/
_zView the website free of charge at www/emergingmarkets.ey.com
942 _n0
999 _c121018
_d121018